500 años : despojo, destrucción y discriminación y las raices de la resistencia, vida y futuro de nuestros pueblos /
Bewaard in:
| Hoofdauteur: | |
|---|---|
| Formaat: | Onbekend |
| Onderwerpen: | |
| Tags: |
Voeg label toe
Geen labels, Wees de eerste die dit record labelt!
|
MARC
| LEADER | 000000000a22000000004500 | ||
|---|---|---|---|
| 001 | 005951 | ||
| 100 | 1 | |a B'Alam, Chilam | |
| 245 | 1 | 0 | |a 500 años : |b despojo, destrucción y discriminación y las raices de la resistencia, vida y futuro de nuestros pueblos / |c Chilam B'Alam. |
| 650 | 4 | |a DESCUBRIMIENTO DE AMÉRICA | |
| 650 | 4 | |a ENCUENTRO DE LAS CULTURAS | |
| 650 | 4 | |a EXPLOTACION INDÍGENA | |
| 773 | 0 | |t Revista Tradiciones de Guatemala |g páginas 127-134 | |
| 942 | |c ARC | ||
| 999 | |c 12608 |d 12608 | ||
